Loading...
| Current Events | 3 | 13.33 | 100% | 33% | 0% |
| Fine Arts - Classical Music | 9 | 18.89 | 100% | 67% | 22% |
| Fine Arts - Other | 9 | 17.78 | 89% | 67% | 22% |
| Fine Arts - Painting and Sculpture | 9 | 17.78 | 100% | 67% | 11% |
| Geography | 3 | 23.33 | 100% | 100% | 33% |
| History - American | 8 | 20.00 | 88% | 100% | 13% |
| History - European | 6 | 23.33 | 100% | 83% | 50% |
| History - Other | 8 | 23.75 | 100% | 63% | 75% |
| History - World | 11 | 18.18 | 100% | 73% | 9% |
| Literature - American | 9 | 20.00 | 100% | 78% | 22% |
| Literature - British | 8 | 18.75 | 100% | 75% | 13% |
| Literature - European | 11 | 22.73 | 100% | 82% | 46% |
| Literature - World | 9 | 23.33 | 100% | 89% | 44% |
| Mythology | 9 | 21.11 | 89% | 78% | 44% |
| Other Academic | 3 | 20.00 | 100% | 33% | 67% |
| Philosophy | 7 | 20.00 | 100% | 71% | 29% |
| Pop Culture | 1 | 20.00 | 100% | 100% | 0% |
| Religion | 10 | 20.00 | 100% | 60% | 40% |
| Science - Biology | 8 | 18.75 | 88% | 75% | 25% |
| Science - Chemistry | 7 | 21.43 | 100% | 57% | 57% |
| Science - Other | 7 | 17.14 | 100% | 71% | 0% |
| Science - Physics | 10 | 16.00 | 90% | 60% | 10% |
| Social Science | 10 | 17.00 | 90% | 60% | 20% |